000
00317nam a22001337a 4500
020
_a
9789693510850
040
_c
Nust
082
_a
891.4393
_b
ASH
100
_a
Ashfaq Ahmed
245
_a
ننگے پاؤں
260
_a
Lahore:
_b
Dastaan-E-Saraye,
_c
1991.
650
_a
ننگے پاؤں
_9
126053
942
_2
ddc
_c
BK
999
_c
611780
_d
611780